Dla Mexa - Wszystkie złote karty 84+ - Statystyki

Ogólne statystyki
  • Ten quiz został rozwiązany 598 razy
  • Średni wynik to 98 z 141
Statystyki odpowiedzi
Overaal Pozycja Klub Kraj Odpowiedź % Poprawnych
93 PS/PP Fc Barcelona Argentyna Messi
99%
92 N Juventus Portugalia Ronaldo
99%
91 N Bayern Polska Lewandowski
98%
91 LS/LP Psg Brazylia Neymar
97%
90 N Psg Francja Mbappe
96%
91 BR Atletico Słowenia Oblak
96%
90 PS/PP LIverpool Egipt Salah
95%
90 BR LIverpool Brazylia Alisson
94%
89 ŚN Real Madrid Francja Benzema
94%
91 ŚPO Man city Belgia De Bruyne
94%
90 LS/LP LIverpool Senegal Mane
94%
90 BR Fc Barcelona Niemcy Ter stegen
93%
90 ŚO Liverpool Holandia Van Dijk
93%
89 ŚPD Real Madrid Brazylia Casemiro
92%
89 BR Bayern Niemcy Neuer
92%
89 ŚO Real Madrid Hiszpania Ramos
90%
89 N Man City Argentyna Aguero
89%
88 BR Man City Brazylia Ederson
88%
88 LS/LP Real Madrid Belgia Hazard
88%
88 N Tottenham Anglia Kane
88%
87 BR Juventus Polska Szczesny
88%
88 ŚN Juventus Argentyna Dybala
87%
88 ŚPD Chelsea Francja Kante
87%
88 ŚPD Bayern Niemcy Kimmich
87%
87 N Atletico Urugwaj Suarez
87%
88 ŚP Real Madrid Niemcy Kroos
86%
87 BR Psg Kostaryka Navas
86%
84 PO Sevilla Hiszpania Navas
86%
87 ŚN Liverpool Brazylia Firmino
85%
87 BR Tottenham Francja Lloris
85%
88 LS/LP Man City Anglia Sterling
85%
87 LO Liverpool Szkocja Robertson
84%
87 LS/LP Tottenham Korea Son
84%
87 ŚO Juventus Włochy Chiellini
83%
88 BR Inter Słowenia Handanovic
83%
87 PS/PP Man City Portugalia Silva
83%
86 ŚPO Real Sociedad Hiszpania Silva
83%
85 ŚO Chelsea Brazylia Silva
83%
87 PO Liverpool Anglia Arnold
82%
87 PS/PP Psg Argentyna Di Maria
82%
88 ŚO Napoli Senegal Koulibaly
82%
87 ŚP Real Madrid Chorwacja Modric
82%
87 ŚPD Liverpool Brazylia Fabinho
81%
87 PS/PP BVB Anglia Sancho
81%
89 BR Real Madrid Belgia Courtois
80%
87 ŚO Man City Francja Laporte
80%
86 ŚPO Bayern Niemcy Muller
80%
86 ŚP Man Utd Francja Pogba
80%
87 N Lazio Włochy Immobile
79%
86 N Leicester Anglia Vardy
79%
86 ŚP Psg Włochy Verratti
79%
86 LO Fc Barcelona Hiszpania Alba
78%
87 N Arsenal Gebon Aubameyang
78%
87 ŚPO Man Utd Portugalia Fernandes
78%
86 ŚO Fc Barcelona Hiszpania Pique
78%
86 BR Man Utd Hiszpania De Gea
77%
86 BR M'gladbach Szwajcaria Sommer
77%
86 ŚO Real Madrid Francja Varane
77%
87 ŚPD Fc Barcelona Hiszpania Busquets
76%
87 N Fc Barcelona Francja Griezmann
76%
86 ŚPD Liverpool Anglia Henderson
76%
85 N Inter Belgia Lukaku
76%
85 ŚO Juventus Włochy Bonucci
75%
85 PS/PP Bayern Niemcy Gnabry
75%
85 ŚN Olympique Lyon Holandia Depay
74%
86 ŚPO Sevilla Argentyna Gomez
74%
85 ŚPO Chelsea Niemcy Havertz
74%
86 ŚO BVB Niemcy Hummels
74%
85 N Chelsea Niemcy Werner
74%
86 PO Real Madrid Hiszpania Carvajal
73%
85 BR Ac Milan Włochy Donnarumma
73%
85 PS/PP Man city Algeria Mahrez
73%
85 LS/LP Bayern Niemcy Sane
73%
85 ŚPO BVB Niemcy Reus
71%
85 ŚP Fc Barcelona Holandia De Jong
69%
85 LS/LP Napoli Włochy Insigne
68%
85 ŚN Napoli Belgia Mertens
68%
85 ŚP Fc Barcelona Bośnia Pjanic
68%
84 ŚO Bayern Austria Alaba
67%
84 N BVB Norwegia Haaland
67%
85 ŚP Atletico Hiszpania Koke
67%
85 BR Arsenal Niemcy Leno
67%
85 LS/LP Man Utd Anglia Rashford
67%
85 ŚPO Lazio Hiszpania Alberto
66%
85 ŚO Juventus Holandia De Ligt
66%
84 LS/LP Bayern Francja Coman
65%
85 ŚP Liverpool Holandia Wijnaldum
65%
85 ŚPO Chelsea Maroko Ziyech
65%
85 N Psg Argentyna Icardi
64%
85 ŚO Fc Barcelona Francja Lenglet
64%
85 ŚP Lazio Serbia Savic
64%
85 ŚP Liverpool Hiszpanie Thiago
64%
85 ŚPO Inter Dania Eriksen
63%
85 PO Leicester Portugalia Pereira
63%
85 ŚO Inter Słowacja Skriniar
63%
85 PO Man City Anglia Walker
63%
85 ŚP Villarreal Hiszpania Parejo
62%
84 N As Monaco Francja Ben Yedder
61%
85 ŚO Psg Brazylia Marquinhos
61%
85 LO Juventus Brazylia Sandro
60%
85 ŚO Cagliari Urugwaj Godin
59%
84 N Man Utd Urugwaj Cavani
57%
84 ŚO Inter Holandia De Vrij
57%
84 ŚP Bayern Niemcy Goretzka
57%
84 ŚN Atalanta Słowenia Ilicic
57%
84 LO Everton Francja Digne
55%
85 BR Rb Lipsk Węgry Gulacsi
54%
84 BR Ajax Kamerun Onana
54%
84 N Inter Argentyna Martinez
53%
84 BR BVB Szwajcaria Burki
52%
84 ŚP Atletico Hiszpania Saul
52%
84 ŚO Man City Brazylia Fernandinho
51%
84 ŚO Atletico Urugwaj Gimenez
51%
84 LO Benfica Hiszpania Grimaldo
51%
84 LS/LP BVB Portugalia Guerreiro
51%
84 N Man Utd Francja Martial
51%
84 ŚO Bayern Niemcy Sule
51%
84 ŚPD Psg Senegal Gueye
50%
84 ŚPO Real Madrid Hiszpania Isco
50%
84 LS/LP Real Sociedad Hiszpania Oyarzabal
50%
84 BR Wolves Portugalia Patricio
50%
84 LO Ajax Argentyna Tagliafico
50%
84 N Celta Hiszpania Aspas
49%
84 PO Chelsea Hiszpania Azpilicueta
49%
84 ŚP Juventus Brazylia Arthur
48%
84 LS/LP Juventus Brazylia Costa
48%
84 ŚO Atleico Brazylia Felipe
48%
84 ŚP Arsenal Gana Partey
48%
85 ŚPD Man City Hiszpania Rodrigo
48%
84 BR Leicester Dania Schmeichel
48%
84 ŚPD BVB Belgia Witsel
48%
84 ŚPD Leicester Nigeria Ndidi
47%
84 ŚPO BVB Niemcy Brandt
46%
84 PS/PP Fc Porto Meksyk Corona
44%
84 N Wolves Meksyk Jimenez
44%
85 ŚO Tottenham Belgia Alderweireld
42%
84 PS/PP Benfica Portugalia Pizzi
41%
84 ŚPD Lazio Brazylia Leiva
39%
84 PS/PP Fiorenrina Hiszpania Callejon
38%
84 ŚPD Inter Chorwacja Brozowic
26%
84 BR Torino Włochy Sirigiu
8%
Nie znaleziono quizów pasujących do podanych kryteriów
Rozkład punktacji
Procent ludzi z każdym wynikiem
Percentyl według liczby udzielonych odpowiedzi
Twoja historia wyników
Nie rozwiązałeś tego quizu